00699nam a2200145Ia 4500008004100000020001800041245012000059260002200179440002400201650001300225650018200238856004100420999001900461952007300480171212s9999 xx 000 0 und d a9781925022681 ceditor Song, Ligang;Garnaut, Ross;Fang, Cai;Johnston, LaurenaChina’s Domestic Transformation in a Global Context bANU E Pressc2015 aChina Update Series aBusiness aEconomic development -- China; China -- Economic conditions -- 2000-; China -- Economic policy -- 2000-; China -- Commercial policy -- 2000-; China -- Social conditions -- 2000- uhttp://jstor.org/stable/j.ctt16wd0dw c351035d351035 001040aCLbCLd2017-12-12l0r2017-12-12 00:00:00w2017-12-12yCBE